improving the position of third world countries in the international cotton economy / (رقم التسجيلة. 10950)
[ عرض عادي ]
| 000 -الفاتح | |
|---|---|
| حقل البيانات ثابتة الطول | 00749nam a2200229 4500 |
| 003 - محدد رقم الضبط | |
| رقم الضبط | INP |
| 005 - وقت وتاريخ اخر تعامل مع التسجيلة | |
| رقم الضبط | 20260622100022.0 |
| 008 - عناصر البيانات ثابتة الطول - معلومات عامة | |
| حقل البيانات ثابتة الطول | 180613b1979 ua ||||fr|||| 00| 0 ara d |
| 040 ## - مصدر الفهرسة | |
| وكالة الفهرسة الأصلية | EG-INP |
| لغة الفهرسة | ara |
| وكالة النسخ | EG-INP |
| 082 04 - رقم تصنيف ديوى العشرى | |
| رقم الطبعة | 21 |
| رقم التصنيف | 338.01724 |
| رقم المادة | i m |
| 110 2# - المدخل الرئيسى - إسم هيئة | |
| اسم الهيئة أو اسم السلطة كمدخل | institute of national planning. |
| 245 ## - بيان العنوان | |
| العنوان | improving the position of third world countries in the international cotton economy / |
| بيان المسئولية | institute of national planning. |
| 260 ## - بيانات النشر | |
| مكان الناشر او الموزع | Cairo : |
| اسم الناشر او الموزع | institute of national planning, |
| تاريخ النشر أو التوزيع | 1979. |
| 300 ## - الوصف المادى | |
| التعداد | 94 p. ; |
| أبعاد الوعاء | 30 cm. |
| 650 04 - المدخل الاضافى بالموضوع-مصطلح موضوعى | |
| مصطلح موضوعي كعنصر مدخل | economy |
| التقسيم الفرعي الجغرافي | developing countries |
| 650 04 - المدخل الاضافى بالموضوع-مصطلح موضوعى | |
| مصطلح موضوعي كعنصر مدخل | international economy |
| 9 (RLIN) | 1824 |
| 651 04 - المدخل الاضافى بالموضوع - اسم جغرافى | |
| الاسم الجغرافي | developing countries |
| التقسيم الفرعي العام | economic conditions |
| 901 ## - عنصر بيانات محلىA, LDA (RLIN) | |
| كود المفهرس | EGPV1 |
| 902 ## - عنصر بيانات محلىB, LDB (RLIN) | |
| كود المراجع | EGPV1 |
| 903 ## - original or copycat | |
| a | original |
| حالة التراجع | المكان المؤقت | الموقع الحالى | نوع وعاء كوها |
|---|---|---|---|
| Library INP | Library INP | تقارير | |
| Library INP | Library INP | تقارير |
Institute of National Planning Catalog